000 00691nam a2200277Ia 4500
005 20260324145216.0
008 008 260324s9999 xx 000 0 eng d
020 _a9780429304675
037 _aEBOOK
040 _aCRL
040 _beng
040 _cCRL
041 _2eng
041 _aeng
084 _qCRL
100 _aDonald E Schulz; Douglas H Graham
_91222145
245 0 _aRevolution And Counterrevolution In Central America And The Caribbean
260 _bTaylor and Francis
260 _c1984
365 _a
365 _b230
856 _uhttp://www.taylorfrancis.com/books/9780429304675
942 _cEBOOK
999 _c1829742
_d1829742